00503 2200181 4500001002100000005001500021008004100036020002200077035001900099041000700118082001000125090001600135100002300151245005300174260004000227300002400267650003000291INLIS00000000001185720241224114246241224||||||||| | ||| |||| || |  a978-602-9018-25-7 0010-1224011857 aid0 a155.2 a155.2 SUS p0 aSusatyo Herlambang00aPERSONALITY DEVELOVMENT PENGEMBANGAN KEORIBADIAN aYogyakartabGosyen Publishingc2011 a120 hlm;13cm x 20cm 0aIlmu Filsafat & Psikologi